Effectif Espagne - Euro 2024 - Statistiques

Statistiques générales
  • Ce quiz a été pris 272 fois
  • Le résultat moyen est 20 sur 27
Statistiques - réponses
POSTE CLUB NUMER JOUEUR % Correct
DEF Real Madrid 2 Dani Carvajal
94%
ATT FC Barcelone 19 Lamine Yamal
92%
MIL FC Barcelone 20 Pedri
92%
DEF Al-Nassr 14 Aymeric Laporte
89%
MIL Manchester City 16 Rodri
89%
MIL PSG 8 Fabián Ruiz
88%
G Arsenal 1 David Raya
87%
MIL RB Leipzig 10 Dani Olmo
86%
ATT Athletic Bilbao 17 Nico Williams
84%
G Athletic Bilbao 23 Unai Simón
83%
DEF Real Sociedad 3 Robin Le Normand
82%
DEF Real Madrid 4 Nacho Fernández
81%
DEF Bayer Leverkusen 12 Alejandro Grimaldo
80%
DEF Chelsea 24 Marc Cucurella
79%
ATT Atlético Madrid 7 Álvaro Morata
78%
ATT FC Barcelone 11 Ferran Torres
78%
ATT Real Madrid 9 Joselu
73%
ATT Real Sociedad 21 Mikel Oyarzabal
67%
MIL Real Sociedad 6 Mikel Merino
64%
DEF FC Séville 22 Jesús Navas
58%
MIL Real Sociedad 18 Martín Zubimendi
58%
COACH - - Luis de la Fuente
57%
MIL FC Barcelone 25 Fermín López
55%
G Real Sociedad 13 Álex Remiro
51%
DEF Athletic Bilbao 5 Dani Vivian
42%
MIL Villarreal 15 Álex Baena
34%
ATT Real Betis 26 Ayoze Pérez
34%
Aucun quiz correspondant
Distribution des résultats
% des personnes avec chaque résultat
Percentile par nombre de réponses
Votre historique - résultats
Vous n’avez pas pris ce quiz